| 000 | 00324nam a22001337a 4500 | ||
|---|---|---|---|
| 020 | _qPB. | ||
| 040 | _cFIZZA ISHAQ | ||
| 082 |
_a624.076 _bTRI |
||
| 100 |
_aTRISHNA. _991613 |
||
| 245 |
_aTOPIC WISE PRACTICE TEST GATE CIVIL ENGINEERING / _cTRISHNA. |
||
| 260 |
_aPEARSON ; _c2019. |
||
| 300 | _a464 P. ; | ||
| 942 |
_2ddc _cBK |
||
| 999 |
_c589743 _d589743 |
||